Countries with the Most Buddhist Temples - Statistics

General Stats
  • This quiz has been taken 145 times
  • The average score is 13 of 16
Answer Stats
No. of Temples Answer % Correct
41 205 Thailand
98%
33 000 China
97%
77 000 Japan
94%
4 000 Cambodia
93%
3 432 Indonesia
93%
18 491 Vietnam
92%
20 000 South Korea
89%
1 200 Nepal
86%
2 000 Bhutan
81%
6 000 Sri Lanka
79%
1 700 Taiwan
76%
489 Canada
65%
1 290 Bangladesh
64%
300 France
61%
300 Germany
59%
300 Spain
44%
No matching quizzes found
Score Distribution
Percent of People with Each Score
Percentile by Number Answered
Your Score History
You have not taken this quiz